<?xml version="1.0" encoding="UTF-8"?><?xml-stylesheet type="text/xsl" href="static/style.xsl"?><OAI-PMH xmlns="http://www.openarchives.org/OAI/2.0/" xmlns:xsi="http://www.w3.org/2001/XMLSchema-instance" xsi:schemaLocation="http://www.openarchives.org/OAI/2.0/ http://www.openarchives.org/OAI/2.0/OAI-PMH.xsd"><responseDate>2026-04-26T23:30:32Z</responseDate><request verb="GetRecord" identifier="oai:repisalud.isciii.es:20.500.12105/18859" metadataPrefix="marc">https://repisalud.isciii.es/rest/oai/request</request><GetRecord><record><header><identifier>oai:repisalud.isciii.es:20.500.12105/18859</identifier><datestamp>2024-09-21T22:11:44Z</datestamp><setSpec>com_20.500.12105_15322</setSpec><setSpec>com_20.500.12105_2051</setSpec><setSpec>col_20.500.12105_16927</setSpec></header><metadata><record xmlns="http://www.loc.gov/MARC21/slim" xmlns:dcterms="http://purl.org/dc/terms/" xmlns:doc="http://www.lyncode.com/xoai" xmlns:xsi="http://www.w3.org/2001/XMLSchema-instance" xsi:schemaLocation="http://www.loc.gov/MARC21/slim http://www.loc.gov/standards/marcxml/schema/MARC21slim.xsd">
   <leader>00925njm 22002777a 4500</leader>
   <datafield ind2=" " ind1=" " tag="042">
      <subfield code="a">dc</subfield>
   </datafield>
   <datafield ind2=" " ind1=" " tag="720">
      <subfield code="a">Mostaza, José M</subfield>
      <subfield code="e">author</subfield>
   </datafield>
   <datafield ind2=" " ind1=" " tag="720">
      <subfield code="a">Suárez-Fernández, Carmen</subfield>
      <subfield code="e">author</subfield>
   </datafield>
   <datafield ind2=" " ind1=" " tag="720">
      <subfield code="a">Cosín-Sales, Juan</subfield>
      <subfield code="e">author</subfield>
   </datafield>
   <datafield ind2=" " ind1=" " tag="720">
      <subfield code="a">Gómez-Huelgas, Ricardo</subfield>
      <subfield code="e">author</subfield>
   </datafield>
   <datafield ind2=" " ind1=" " tag="720">
      <subfield code="a">Brotons, Carlos</subfield>
      <subfield code="e">author</subfield>
   </datafield>
   <datafield ind2=" " ind1=" " tag="720">
      <subfield code="a">Araujo, Francisco Pestana</subfield>
      <subfield code="e">author</subfield>
   </datafield>
   <datafield ind2=" " ind1=" " tag="720">
      <subfield code="a">Borrayo, Gabriela</subfield>
      <subfield code="e">author</subfield>
   </datafield>
   <datafield ind2=" " ind1=" " tag="720">
      <subfield code="a">Ruiz, Emilio</subfield>
      <subfield code="e">author</subfield>
   </datafield>
   <datafield ind2=" " ind1=" " tag="720">
      <subfield code="a">VULCANO investigators</subfield>
      <subfield code="e">author</subfield>
   </datafield>
   <datafield ind2=" " ind1=" " tag="260">
      <subfield code="c">2022-12-22</subfield>
   </datafield>
   <datafield ind2=" " ind1=" " tag="520">
      <subfield code="a">Cardiovascular (CV) polypills are a useful baseline treatment to prevent CV diseases by combining different drug classes in a single pill to simultaneously target more than one risk factor. The aim of the present trial was to determine whether the treatment with the CNIC-polypill was at least non-inferior to usual care in terms of low-density lipoprotein cholesterol (LDL-c) and systolic BP (SBP) values in subjects at high or very high risk without a previous CV event. The VULCANO was an international, multicentre open-label trial involving 492 participants recruited from hospital clinics or primary care centres. Patients were randomised to the CNIC-polypill -containing aspirin, atorvastatin, and ramipril- or usual care. The primary outcome was the comparison of the mean change in LDL-c and SBP values after 16 weeks of treatment between treatment groups. The upper confidence limit of the mean change in LDL-c between treatments was below the prespecified margin (10 mg/dL) and above zero, and non-inferiority and superiority of the CNIC-polypill (p = 0.0001) was reached. There were no significant differences in SBP between groups. However, the upper confidence limit crossed the prespecified non-inferiority margin of 3 mm Hg. Significant differences favoured the CNIC-polypill in reducing total cholesterol (p = 0.0004) and non-high-density lipoprotein cholesterol levels (p = 0.0017). There were no reports of major bleeding episodes. The frequency of non-serious gastrointestinal disorders was more frequent in the CNIC-polypill arm. The switch from conventional treatment to the CNIC-polypill approach was safe and appears a reasonable strategy to control risk factors and prevent CVD. Trial registration This trial was registered in the EU Clinical Trials Register (EudraCT) the 20th February 2017 (register number 2016-004015-13; https://www.clinicaltrialsregister.eu/ctr-search/search?query=2016-004015-13 ).</subfield>
   </datafield>
   <datafield ind1="8" ind2=" " tag="024">
      <subfield code="a">http://hdl.handle.net/10668/20264</subfield>
   </datafield>
   <datafield ind1="8" ind2=" " tag="024">
      <subfield code="a">http://hdl.handle.net/20.500.12105/18859</subfield>
   </datafield>
   <datafield ind1="8" ind2=" " tag="024">
      <subfield code="a">36550424</subfield>
   </datafield>
   <datafield ind1="8" ind2=" " tag="024">
      <subfield code="a">10.1186/s12872-022-03013-w</subfield>
   </datafield>
   <datafield ind1="8" ind2=" " tag="024">
      <subfield code="a">1471-2261</subfield>
   </datafield>
   <datafield ind1="8" ind2=" " tag="024">
      <subfield code="a">BMC cardiovascular disorders</subfield>
   </datafield>
   <datafield tag="653" ind2=" " ind1=" ">
      <subfield code="a">Cardiovascular disease</subfield>
   </datafield>
   <datafield tag="653" ind2=" " ind1=" ">
      <subfield code="a">Cardiovascular risk factors</subfield>
   </datafield>
   <datafield tag="653" ind2=" " ind1=" ">
      <subfield code="a">Fixed-dose combination</subfield>
   </datafield>
   <datafield tag="653" ind2=" " ind1=" ">
      <subfield code="a">Non-inferiority trial</subfield>
   </datafield>
   <datafield tag="653" ind2=" " ind1=" ">
      <subfield code="a">Polypill</subfield>
   </datafield>
   <datafield tag="653" ind2=" " ind1=" ">
      <subfield code="a">Primary prevention</subfield>
   </datafield>
   <datafield ind2="0" ind1="0" tag="245">
      <subfield code="a">Safety and efficacy of a cardiovascular polypill in people at high and very high risk without a previous cardiovascular event: the international VULCANO randomised clinical trial.</subfield>
   </datafield>
</record></metadata></record></GetRecord></OAI-PMH>